| 000 | 00367 a2200145 4500 | ||
|---|---|---|---|
| 999 |
_c8947 _d8947 |
||
| 020 | _a9781846610455 | ||
| 050 | _aKF501MIL2009 | ||
| 100 | _aMillion, Clive | ||
| 245 |
_aFamily law _btips & Traps / _cClive Million |
||
| 264 |
_aBristol _bJordan Publishing _c2009 |
||
| 300 | _a142p. | ||
| 500 | _aInclude index | ||
| 650 | _aFamily law | ||
| 942 |
_2lcc _cBK _h501 _iMIL _kKF |
||